Chanson de Youtuber par image - Statistiques

Statistiques générales
  • Ce quiz a été pris 676 fois
    672 depuis la dernière actualisation
  • Le résultat moyen est 9 sur 26
Statistiques - réponses
Par images Réponse % Correct
Top 1
76%
Assassin des Templiers
75%
J'effectue le dab
74%
Je sais pas danser
67%
Overwatch Rap Battle
62%
Luigi Clash Mario
61%
On s'fait un FIFA ?
60%
Placements de produits
56%
Friendzone
45%
Cyprien répond à Cortex
41%
Singapour
36%
Internet de l'époque
34%
Rap Battle Division
31%
Il a mis son sexe
27%
Pokémon
23%
J'aime les licornes
20%
Clash Assassins
18%
J'aime pas Noël
18%
Ramenez le grec à la maison
18%
Clash Tibo InShape
17%
Cheveux
14%
La chanson de la joie
13%
Le son des enfers
8%
Bobo
6%
LAPT
5%
5 Étoiles
4%
Aucun quiz correspondant
Distribution des résultats
% des personnes avec chaque résultat
Percentile par nombre de réponses
Votre historique - résultats
Vous n’avez pas pris ce quiz depuis la dernière actualisation